000 00383nam a2200145Ia 4500
008 230917s9999||||xx |||||||||||||| ||und||
040 _e195135
_aMAIN
041 _aEnglish
082 _a670.285 G899C
100 _aGrover, Mikell
245 0 _aCAD/CAM: Computer-aided design and manufacturing
260 _aNew Delhi
_bPearson Educatio n
_c2011
300 _a511 p.
942 _cBK
999 _c157595
_d157595